000 00661ntaaa2200217 4500
003 01
005 20251027202312.0
008 0714s1973 ag 01
040 _aAR-BaBN
_bspa
_cAR-BaBN
_eaacr
_dRIC
082 _a280.0000 F63
245 _aThe nature of the church
250 _a1 ed.
260 _aLondon :
_bSCM Press,
_cc1952
300 _a347 p
500 _aPapers presented to the theological commission appointed by the continuation committee of the world conference on faith and order
650 _aiglesia-sectas
_921578
650 _ateologĂ­a-sectas
_921579
650 _adenominaciones
_912628
700 _aFlew, R. Newton
_91253
942 _cBK
999 _c17798
_d17798